| 000 | 00606cam a22001934a 4500 | ||
|---|---|---|---|
| 005 | 20250605163610.0 | ||
| 008 | 250528s ||||||||||||||||||||||||d | ||
| 035 | _a22505 | ||
| 020 | _a9789600113013 | ||
| 040 |
_aGR-AtMCL _bgre _dGR-AtMCL _eAACR2 |
||
| 245 | 1 | _aΨΥΧΟΛΟΓΙΑ ΤΟΥ ΛΟΓΟΥ ΚΑΙ ΤΗΣ ΓΛΩΣΣΑΣ / ΑΝΑΠΤΥΞΗ ΚΑΙ ΠΑΘΟΛΟΓΙΑ ΔΥΣΛΕΞΙΑ ΚΑΙ ΛΟΓΟΘΕΡΑΠΕΙΑ | |
| 250 | _a1 | ||
| 260 |
_bGutenberg, _c2009 |
||
| 300 | _a582 | ||
| 700 | 1 | _aΣτασινος Δημητρης Π | |
| 942 | _cBK | ||
| 999 |
_c7557 _d7557 |
||